Quaeritur: quid statuendem de luxu, ext ne is hominibus, civitatibus, monarchiis maxime, proficuus vel noxius, et si hoc, vel quatenus sit, quomodo vis eius noxia debilitanda ac frangenda? Quaestionem hanc ex principiis moralibus ac politicis oratione solemni cum augustissimae ac potentissimae monarchae magnae dominae Catharinae II. Rossiae totius imperatricis ac autocratoris piae felicis Patriae matris optimae auspicia imperii Universitas Caesarea Mosquensis pia mente recoleret in conventu ejusdem solemni d. 30. Jun. 1793. habita examinabit Joannes Matthias Schaden, consiliarius aulicus Philosoph. Doctor. Philosophiae, Moralis, Juris, Naturae et Gentium ac Politices Professor P.O. Academiae Electoral. Mogunt. scientiarum utilium, nec non Societatis Academic. principal. Hassiacae membrum ordinarium (Запись № 10379847)

Подробности
000 -МАРКЕР
контрольное поле 01875nam0a22003371 4500
001 - ИДЕНТИФИКАТОР ЗАПИСИ
контрольное поле RU\NLR\A2\5840
005 - ИДЕНТИФИКАТОР ВЕРСИИ
контрольное поле 20260407102411.0
035 ## - ДРУГИЕ СИСТЕМНЫЕ НОМЕРА
Идентификатор записи (NLR Aleph) 009859357
100 ## - ДАННЫЕ ОБЩЕЙ ОБРАБОТКИ
Данные общей обработки 19970605d1793 u y0rusy50 ca
101 0# - ЯЗЫК РЕСУРСА
Язык текста, звукозаписи и т.д. латинский
102 ## - СТРАНА ПУБЛИКАЦИИ ИЛИ ПРОИЗВОДСТВА
Страна публикации российская федерация
200 1# - ЗАГЛАВИЕ И СВЕДЕНИЯ ОБ ОТВЕТСТВЕННОСТИ
Основное заглавие Quaeritur: quid statuendem de luxu, ext ne is hominibus, civitatibus, monarchiis maxime, proficuus vel noxius, et si hoc, vel quatenus sit, quomodo vis eius noxia debilitanda ac frangenda? Quaestionem hanc ex principiis moralibus ac politicis oratione solemni cum augustissimae ac potentissimae monarchae magnae dominae Catharinae II. Rossiae totius imperatricis ac autocratoris piae felicis Patriae matris optimae auspicia imperii Universitas Caesarea Mosquensis pia mente recoleret in conventu ejusdem solemni d. 30. Jun. 1793. habita examinabit Joannes Matthias Schaden, consiliarius aulicus Philosoph. Doctor. Philosophiae, Moralis, Juris, Naturae et Gentium ac Politices Professor P.O. Academiae Electoral. Mogunt. scientiarum utilium, nec non Societatis Academic. principal. Hassiacae membrum ordinarium
210 ## - ПУБЛИКАЦИЯ, РАСПРОСТРАНЕНИЕ И ДР.
Место издания, распространения и т.д. Mosquae [Moskva]
Имя издателя, распространителя и т. д. Typis Universitatis
-- Per B. Okorocow
Дата издания, распространения и т.д. 1793
215 ## - ФИЗИЧЕСКАЯ ХАРАКТЕРИСТИКА
Специфическое обозначение материала и объем 77, [1] с.
Размеры
321 1# - ПРИМЕЧАНИЯ ОБ ОТДЕЛЬНО ИЗДАННЫХ УКАЗАТЕЛЯХ / РЕФЕРАТАХ / ССЫЛКАХ, ОТРАЖАЮЩИХ КАТАЛОГИЗИРУЕМЫЙ ДОКУМЕНТ
Примечания об указателях, рефератах, ссылках СК XVIII(ин.) 2475
600 #0 - ИМЯ ЛИЦА КАК ПРЕДМЕТ
-- z01690
Начальный элемент ввода Ekaterina
Дополнения к именам, кроме дат имп.
Римские цифры II
Даты 1729-1796
620 ## - МЕСТО И ДАТА ПУБЛИКАЦИИ, ИСПОЛНЕНИЯ И Т. Д.
Город Moskva
690 #0 -
-- z01600
-- Catharina
-- II
700 #1 - ИМЯ ЛИЦА - ПЕРВИЧНАЯ ОТВЕТСТВЕННОСТЬ
Связь между полями z02790
Начальный элемент ввода Schaden
Часть имени, кроме начального элемента ввода J.M.
Даты 1731-1797
Расширение инициалов личного имени Johann Matthias
Код отношения Автор
702 #1 - ИМЯ ЛИЦА - ВТОРИЧНАЯ ОТВЕТСТВЕННОСТЬ
Связь между полями z03790
Начальный элемент ввода Okorokow
Часть имени, кроме начального элемента ввода V.I.
Расширение инициалов личного имени Vasilij Ivanovič
Код отношения Печатник (типограф)
712 01 - НАИМЕНОВАНИЕ ОРГАНИЗАЦИИ - ВТОРИЧНАЯ ОТВЕТСТВЕННОСТЬ
Код отношения Печатник (типограф)
Материалы, к которым относится поле lat
Начальный элемент ввода Mosqua
Структурное подразделение Universitas
-- Typographia
Графика поля Латинская
Идентификатор авторитетной/нормативной записи RU\NLR\AUTH\889930224
Системный номер авторитетной/нормативной записи 356034
790 #1 - ИМЯ ЛИЦА - АЛЬТЕРНАТИВНАЯ ФОРМА
Связь между полями z02700
Начальный элемент ввода Schaden
Расширение инициалов личного имени Joannes Matthias
Код отношения Автор
790 #1 - ИМЯ ЛИЦА - АЛЬТЕРНАТИВНАЯ ФОРМА
Связь между полями z03702
Начальный элемент ввода Okorocow
Часть имени, кроме начального элемента ввода B.
Код отношения Печатник (типограф)
801 #0 - ИСТОЧНИК ЗАПИСИ
Страна российская федерация
Организация NLR
Дата составления 19970605
852 ## - МЕСТОНАХОЖДЕНИЕ И ШИФР ХРАНЕНИЯ
Идентификатор организации NLR
Шифр хранения (Call Number) 36.61.2.6
942 ## - ДОПОЛНИТЕЛЬНЫЕ ЭЛЕМЕНТЫ ЗАПИСИ (АБИС)
Тип экземпляра АБИС Книга
980 ## - КОЛЛЕКЦИЯ
Название коллекции Национальная библиография
980 ## - КОЛЛЕКЦИЯ
Название коллекции Книги XVIII века на западноевропейских языках, изданные в России
Экземпляры
Тип экземпляра Дата поступления Библиотека постоянного хранения Библиотека текущего хранения Место хранения Шифр хранения Штрих-код Статус не для выдачи
Книга 26.10.2013 РНБ (Садовая) РНБ (Садовая) Иностранный книжный фонд, главное здание (Садовая) 36.61.2.6 9859357-10